| 000 | 00359nam a22001457a 4500 | ||
|---|---|---|---|
| 003 | SGT | ||
| 020 | _a9788173915215 | ||
| 082 |
_a070 _bI08G |
||
| 100 | _aGUPTA, OM JASRA | ||
| 245 | _aINFORMATION TECHNOLOGY IN JOURNALISM | ||
| 260 |
_aNEW DELHI _bKanishka Publishers, Distributors, _c2008 |
||
| 300 | _a104 | ||
| 650 | _aMASS COMMUNICATION | ||
| 942 |
_2ddc _cBK |
||
| 999 |
_c13143 _d13143 |
||